[Event "Hannover-chB"]
[Site "Lehrte"]
[Date "2008.10.14"]
[Round "7"]
[White "Nauel, Marwin"]
[Black "Von Muenchhausen, Joerg"]
[Result "0-1"]
[WhiteElo "1623"]
[BlackElo "1570"]
[PlyCount "72"]
[EventDate "2008.10.11"]
[EventType "swiss"]
[EventRounds "7"]
[EventCountry "GER"]
[SourceTitle "EXT 2021"]
[Source "ChessBase"]
[SourceDate "2020.10.23"]
[SourceVersion "1"]
[SourceVersionDate "2020.10.23"]
[SourceQuality "1"]

1. d4 d5 2. c4 e6 3. Nc3 Nf6 4. Bg5 Nbd7 5. Nf3 c6 6. e3 Qa5 7. Bd3 dxc4 8. Bxc4 Ne4 9. Qa4 Qxa4 10. Nxa4 b5 11. Nc3 Nxg5 12. Nxg5 bxc4 13. 0-0 Be7 14. Nge4 0-0 15. Nd2 Nb6 16. Rfc1 a5 17. Nce4 Ba6 18. a3 Rfc8 19. Nf3 Na4 20. Rab1 Rab8 21. Rc2 Rb7 22. Ne5 f5 23. Nd2 Nb6 24. Ndxc4 Nxc4 25. Nxc4 Bxc4 26. Rxc4 Bxa3 27. b3 Kf7 28. Kf1 Rcb8 29. Rxc6 Rxb3 30. Rxb3 Rxb3 31. Ke2 Rb2+ 32. Ke1 Bb4+ 33. Kf1 a4 34. Ra6 a3 35. g3 a2 36. Kg2 Bc3 0-1

[Event "Hannover-ch U18"]
[Site "Bueckeburg"]
[Date "2007.11.04"]
[Round "7"]
[White "Schoder, Michael"]
[Black "Nauel, Marwin"]
[Result "0-1"]
[WhiteElo "1327"]
[BlackElo "1647"]
[PlyCount "58"]
[EventDate "2007.11.01"]
[EventType "swiss"]
[EventRounds "7"]
[EventCountry "GER"]
[SourceTitle "EXT 2021"]
[Source "ChessBase"]
[SourceDate "2020.10.23"]
[SourceVersion "1"]
[SourceVersionDate "2020.10.23"]
[SourceQuality "1"]

1. e4 d6 2. Bc4 g6 3. d3 Bg7 4. Nf3 Nf6 5. Nc3 0-0 6. h3 a6 7. 0-0 c5 8. d4 cxd4 9. Nxd4 Nc6 10. Nde2 b5 11. Bd3 Bb7 12. Ng3 Qc7 13. f4 Rad8 14. Qe1 Nb4 15. Bd2 Nxd3 16. cxd3 Qc5+ 17. Be3 Qb4 18. Bb6 Rc8 19. e5 dxe5 20. fxe5 Nd7 21. e6 Nxb6 22. exf7+ Rxf7 23. Qe6 Qd4+ 24. Kh1 Rcf8 25. Nce2 Qe5 26. Qxe5 Bxe5 27. Rxf7 Rxf7 28. Rf1 Rxf1+ 29. Nxf1 Bxb2 0-1

[Event "Hannover-ch U18"]
[Site "Bueckeburg"]
[Date "2007.11.01"]
[Round "2"]
[White "Juenemann, Marcel"]
[Black "Nauel, Marwin"]
[Result "1-0"]
[WhiteElo "1749"]
[BlackElo "1647"]
[PlyCount "101"]
[EventDate "2007.11.01"]
[EventType "swiss"]
[EventRounds "7"]
[EventCountry "GER"]
[SourceTitle "EXT 2021"]
[Source "ChessBase"]
[SourceDate "2020.10.23"]
[SourceVersion "1"]
[SourceVersionDate "2020.10.23"]
[SourceQuality "1"]

1. e4 d6 2. d4 Nd7 3. f4 g6 4. Nf3 Bg7 5. Nc3 c5 6. Be3 Qa5 7. Qd2 Ngf6 8. h3 0-0 9. Bc4 Nb6 10. Be2 Na4 11. e5 Nd7 12. g4 cxd4 13. Bxd4 dxe5 14. fxe5 Nxb2 15. Rb1 Na4 16. Rb5 Qa6 17. Rb4 Qe6 18. Rxa4 Nxe5 19. Nxe5 Bxe5 20. Bxe5 Qxe5 21. Qd4 Qg3+ 22. Kf1 b6 23. Nd5 Qd6 24. Bf3 Bd7 25. Rb4 Rac8 26. Ne3 Bb5+ 27. Kf2 Bc6 28. Qxd6 exd6 29. Bxc6 Rxc6 30. Rd1 Rd8 31. Rbd4 f6 32. R1d2 Kf7 33. Re4 Rc3 34. h4 Ra3 35. Nc4 Ra4 36. Ke3 Rxa2 37. Nxd6+ Kf8 38. Rf4 Ra3+ 39. Ke2 Kg7 40. Nf5+ gxf5 41. Rxd8 fxg4 42. Rxg4+ Kh6 43. Rf8 Kh5 44. Rg7 Kh6 45. Rff7 Rh3 46. Rxh7+ Kg6 47. Rxa7 Kf5 48. h5 Rh2+ 49. Kd3 Rh3+ 50. Kc4 Kg4 51. Ra1 1-0

[Event "Hannover-ch U18"]
[Site "Lehrte"]
[Date "2006.10.15"]
[Round "4"]
[White "Vossfeldt, Michael"]
[Black "Nauel, Marwin"]
[Result "0-1"]
[WhiteElo "1440"]
[BlackElo "1419"]
[PlyCount "104"]
[EventDate "2006.10.14"]
[EventType "swiss"]
[EventRounds "7"]
[EventCountry "GER"]
[SourceTitle "EXT 2021"]
[Source "ChessBase"]
[SourceDate "2020.10.23"]
[SourceVersion "1"]
[SourceVersionDate "2020.10.23"]
[SourceQuality "1"]

1. e4 c5 2. Nf3 d6 3. d4 cxd4 4. Nxd4 e6 5. Nc3 Nf6 6. Bg5 Be7 7. Be2 0-0 8. 0-0 Nc6 9. f4 Qb6 10. Kh1 Qxd4 11. Bd3 Nd7 12. Bxe7 Nxe7 13. Re1 a6 14. e5 Ng6 15. exd6 Qxf4 16. Qh5 Qxd6 17. Rad1 Qe7 18. Nd5 Qc5 19. b4 Qxd5 20. Bxg6 Qxh5 21. Bxh5 Nf6 22. Bf3 Ra7 23. Rd6 b5 24. Bc6 Bd7 25. Red1 Bxc6 26. Rxc6 a5 27. a3 axb4 28. axb4 Rd7 29. Ra1 Rfd8 30. h3 Rd1+ 31. Rxd1 Rxd1+ 32. Kh2 h6 33. c4 bxc4 34. Rxc4 Rb1 35. Rc8+ Kh7 36. Rb8 Nd5 37. b5 f5 38. Kg3 Rb3+ 39. Kf2 g5 40. Rb7+ Kg6 41. Rb8 Kh5 42. Rb7 g4 43. hxg4+ fxg4 44. Kg1 Kh4 45. Kf2 g3+ 46. Ke2 Rb2+ 47. Kd3 Rxg2 48. Rb8 Rf2 49. b6 g2 50. b7 g1Q 51. Kc4 Rc2+ 52. Kd3 Qd1+ 0-1